| 000 | 01228nam a2200229Ia 4500 | ||
|---|---|---|---|
| 999 |
_c37612 _d37612 |
||
| 001 | 3584 | ||
| 003 | GE_BSU | ||
| 005 | 20190626211751.0 | ||
| 008 | 181216s2007||||ge |||||||||||||| ||geo|| | ||
| 040 | _cGE_BSU | ||
| 041 | _ageo | ||
| 080 | _a323.1 მ–43 | ||
| 100 |
_aმაჭარაშვილი, ნანა _92986 |
||
| 245 |
_cნანა მაჭარაშვილი ; რედ. მალხაზ მაცაბერიძე. _aშერიგება როგორც პოსტკონფლიქტურ საზოგადოებაში თანხმობის მიღწევისა და მშვიდობის მშენებლობის საშუალება / |
||
| 264 |
_aთბილისი : _bპოლიტოლ. ინ-ტი, _c2007. |
||
| 300 |
_a132 გვ.; _b20 სმ. |
||
| 504 | _aბიბლიოგრ. ტექსტ. შენიშვნ. და გვ. 97-109. | ||
| 520 | _a რეზ. რუს. ენ. | ||
| 653 | _aეროვნული შერიგების პოლიტიკა | ||
| 700 |
_aმაცაბერიძე, მალხაზ _eრედაქტორი _91009 |
||
| 942 |
_cBK _2udc |
||